000 00494cam a2200193ua 4500
001 6578
008 140703n ii |||gr||||Z||||||eng
020 _a81-219-1801-4
040 _cMAIN
082 _a338.04
245 _aEntrepreneurial development
_cBy S.S. khanka
250 _aRep ed.
260 _aNew delhi:
_bS. chand & company ltd.,
_c2009.
300 _axiii,405p.
653 _aProduction
653 _aEntrepreneurial development
700 _aKhanka,S.S.,
_eAuthor.
942 _cBK
999 _c5727
_d5727